Statistiques concernant Les plus gros transferts du football - Saison 2015-2016

Cliquez ici pour prendre le quiz!

Statistiques générales

  • Ce quiz a été pris 88 fois
  • Le résultat moyen est 7 sur 11

Statistiques - réponses

Montant de transfert (M €)NationalitéVenant deAllant àJoueur% Correct
63,00ArgentineManchester UnitedParis SGÁngel Di María
99%
76,00BelgiqueVfL WolfsburgManchester CityKevin De Bruyne
99%
60,00FranceAS MonacoManchester UnitedAnthony Martial
93%
63,70AngleterreLiverpoolManchester CityRaheem Sterling
89%
41,00ArgentinePalermoJuventus TurinPaulo Dybala
73%
41,00BrésilTSH HoffenheimLiverpoolRoberto Firmino
71%
44,50ArgentineFC ValenciaManchester CityNicolás Otamendi
46%
46,50BelgiqueAston VillaLiverpoolChristian Benteke
41%
43,00AllemagneFC Schalke 04VfL WolfsburgJulian Draxler
41%
42,00ColombieAtlético MadridGZ EvergrandeJackson Martínez
39%
50,00BrésilShakhtar D.JS SuningAlex Teixeira
6%

Distribution des résultats

Percentile par nombre de réponses

% des personnes avec chaque résultat

Votre développement - résultats

Vous n’avez pas pris ce quiz